000 00487nam a2200193Ia 4500
008 240510s9999 xx 000 0 und d
020 _a0000632026049
041 _aEng
082 _a005.133
082 _bC17
100 _aCASIMIR -MROWCZYNSKI , Piers
245 0 _aSoftware design with COBOL and SQL
260 _bOxford : Blackwell
260 _c1990
300 _a158 p.
650 _aProgramming Languages : COBOL : SQL Computer software
942 _2ddc
942 _cLBK
999 _c25716
_d25716
945 _a1
_bMadushi Gamage
_c1
_dMadushi Gamage